000 00418nam a22001697a 4500
003 NUST - PNEC
005 20170116181000.0
008 150912b xxu||||| |||| 00| 0 eng d
020 _a-
040 _cLIBRARY
082 _a006.6 NOV
100 _99460
_aP., Novell
245 _aPerfect office for windows: Presentations
_cNovell P.
260 _cc.1994
650 _99464
_aPerfect Office
_xMIS
942 _2ddc
_cBK
999 _c66672
_d66672